| 000 | 00999nam a2200265Ia 4500 | ||
|---|---|---|---|
| 003 | OSt | ||
| 005 | 20221005110309.0 | ||
| 006 | a|||||r|||| 00| 0 | ||
| 007 | ta | ||
| 008 | 221004b |||||||| |||| 00| 0 hin d | ||
| 020 |
_a9789383513826 (hbk) _cIndian Rupees 450 |
||
| 024 | _a28572 | ||
| 037 |
_bGift, 15/02/2017, _cTextual |
||
| 040 |
_aCRL _cCRL _bhin |
||
| 041 |
_2hin _ahin |
||
| 082 | _aO152,3N44:g(Y), Q6 | ||
| 100 | _aनेगी, स्नेह लता | ||
| 245 | 0 | _aमैत्रेयी पुष्पा की रचनाओं का लोकपक्ष | |
| 246 | _aMaitreyī puṣhpā kī rachanāoan kā lokapakṣha | ||
| 260 |
_aनई दिल्ली _bस्वराज प्रकाशन भारत _c2016 |
||
| 300 |
_a168पृ0 _ccm. |
||
| 650 | _aहिन्दी कहानी | ||
| 942 |
_hO152,3N44:g(Y), Q6 _cTEXL _2cc |
||
| 999 |
_c1018373 _d1018373 |
||